000 00712cam a22002651 4500
001 9366
003 BD-RjUL
005 20211208234750.0
008 140129s1958 xx 001 0 eng
035 _a(BD-RjUL)9411
035 _a(OCoLC)997881
040 _aDLC
_cTxU-Da
_dDLC
_dBD-RjUL
_beng
041 _aeng
082 _a539.76
_bEFN 1958
100 1 _aEfron, Alexander,
_d1897-
_927013
245 1 0 _aNuclear energy /
_cAlexander Efron
260 _aNew York :
_bJ.F. Rider ,
_cc1958
300 _avii, 63 p. :
_billus. ;
_c21 cm.
490 0 _aBasic science series
504 _aIncludes index.
650 0 _aNuclear energy.
_929022
942 _2ddc
_cBK
999 _c9366
_d9366